| 000 | 00000nam 2200000za 4500 |
| 001 | 9.805540 |
| 003 | CaOODSP |
| 005 | 20221107135656 |
| 007 | cr ||||||||||| |
| 008 | 160722s2016 qucd #ob f000 0 fre d |
| 020 | |a978-0-660-03762-2 |
| 040 | |aCaOODSP|bfre |
| 043 | |an-cn--- |
| 086 | 1 |aEn4-144/71-2015F-PDF |
| 245 | 00|aIndicateurs canadiens de durabilité de l'environnement |h[ressource électronique] : |bélimination et réacheminement des déchets solides. |
| 246 | 10|aÉlimination et réacheminement des déchets solides |
| 260 | |aGatineau, Qué. : |bEnvironnement et Changement climatique Canada, |c2016. |
| 300 | |a14 p. : |bgraphiques |
| 500 | |a« Mars 2016. » |
| 500 | |aTitre pris sur la couv. |
| 500 | |aPubl. aussi en anglais sous le titre : Canadian environmental sustainability indicators : solid waste disposal and diversion. |
| 504 | |aComprend des réf. bibliogr. |
| 520 | |a« De 2002 à 2012, la quantité totale de déchets solides éliminés et réacheminés au Canada est passée de 30,7 à 33,5 millions de tonnes, et on a enregistré une pointe de 34,3 millions de tonnes en 2008 » -- Partie 1, p. 5. |
| 692 | 07|2gccst|aGestion des déchets |
| 692 | 07|2gccst|aIndicateur environnemental |
| 692 | 07|2gccst|aImpact sur l'environnement |
| 710 | 1 |aCanada. |bEnvironnement et changement climatique Canada. |
| 775 | 08|tCanadian environmental sustainability indicators |w(CaOODSP)9.805539 |
| 794 | |tIndicateurs canadiens de durabilité de l'environnement |w(CaOODSP)9.840011 |
| 856 | 40|qPDF|s492 Ko|uhttps://publications.gc.ca/collections/collection_2016/eccc/En4-144-71-2015-fra.pdf |